<?xml version="1.0" encoding="UTF-8"?>
<collection xmlns="http://www.loc.gov/MARC21/slim">
 <record>
  <leader>03616cam a2200613 cb4500</leader>
  <controlfield tag="001">1105613356</controlfield>
  <controlfield tag="003">DE-627</controlfield>
  <controlfield tag="005">20250206150804.0</controlfield>
  <controlfield tag="007">tu</controlfield>
  <controlfield tag="008">931019s1993    gw |||||      00| ||ger c</controlfield>
  <datafield tag="015" ind1=" " ind2=" ">
   <subfield code="a">93,N36,0738</subfield>
   <subfield code="2">dnb</subfield>
  </datafield>
  <datafield tag="016" ind1="7" ind2=" ">
   <subfield code="a">931349036</subfield>
   <subfield code="2">DE-101</subfield>
  </datafield>
  <datafield tag="020" ind1=" " ind2=" ">
   <subfield code="a">3805313209</subfield>
   <subfield code="9">3-8053-1320-9</subfield>
  </datafield>
  <datafield tag="035" ind1=" " ind2=" ">
   <subfield code="a">(DE-627)1105613356</subfield>
  </datafield>
  <datafield tag="035" ind1=" " ind2=" ">
   <subfield code="a">(DE-576)035613351</subfield>
  </datafield>
  <datafield tag="035" ind1=" " ind2=" ">
   <subfield code="a">(DE-599)DNB931349036</subfield>
  </datafield>
  <datafield tag="035" ind1=" " ind2=" ">
   <subfield code="a">(OCoLC)66014991</subfield>
  </datafield>
  <datafield tag="040" ind1=" " ind2=" ">
   <subfield code="a">DE-627</subfield>
   <subfield code="b">ger</subfield>
   <subfield code="c">DE-627</subfield>
   <subfield code="e">rakwb</subfield>
  </datafield>
  <datafield tag="041" ind1=" " ind2=" ">
   <subfield code="a">ger</subfield>
  </datafield>
  <datafield tag="044" ind1=" " ind2=" ">
   <subfield code="c">XA-DE-RP</subfield>
  </datafield>
  <datafield tag="082" ind1="0" ind2=" ">
   <subfield code="a">936.3</subfield>
  </datafield>
  <datafield tag="084" ind1=" " ind2=" ">
   <subfield code="a">6,14</subfield>
   <subfield code="2">ssgn</subfield>
  </datafield>
  <datafield tag="084" ind1=" " ind2=" ">
   <subfield code="a">NH 7770</subfield>
   <subfield code="2">rvk</subfield>
   <subfield code="0">(DE-625)rvk/125790:12245</subfield>
  </datafield>
  <datafield tag="084" ind1=" " ind2=" ">
   <subfield code="a">NH 7760</subfield>
   <subfield code="2">rvk</subfield>
   <subfield code="0">(DE-625)rvk/125789:12245</subfield>
  </datafield>
  <datafield tag="084" ind1=" " ind2=" ">
   <subfield code="a">15.28</subfield>
   <subfield code="2">bkl</subfield>
  </datafield>
  <datafield tag="245" ind1="0" ind2="4">
   <subfield code="a">Der römische Tempelbezirk in Faimingen-Phoebiana</subfield>
   <subfield code="c">Johannes Eingartner ... Mit Beitr. von Isa Engelien-Schmidt ...</subfield>
  </datafield>
  <datafield tag="264" ind1=" " ind2="1">
   <subfield code="a">Mainz am Rhein</subfield>
   <subfield code="b">von Zabern</subfield>
   <subfield code="c">1993</subfield>
  </datafield>
  <datafield tag="300" ind1=" " ind2=" ">
   <subfield code="a">277, [80] S., 15 lose Beil.</subfield>
   <subfield code="b">Ill.</subfield>
   <subfield code="e">Beil.</subfield>
  </datafield>
  <datafield tag="336" ind1=" " ind2=" ">
   <subfield code="a">Text</subfield>
   <subfield code="b">txt</subfield>
   <subfield code="2">rdacontent</subfield>
  </datafield>
  <datafield tag="337" ind1=" " ind2=" ">
   <subfield code="a">ohne Hilfsmittel zu benutzen</subfield>
   <subfield code="b">n</subfield>
   <subfield code="2">rdamedia</subfield>
  </datafield>
  <datafield tag="338" ind1=" " ind2=" ">
   <subfield code="a">Band</subfield>
   <subfield code="b">nc</subfield>
   <subfield code="2">rdacarrier</subfield>
  </datafield>
  <datafield tag="490" ind1="1" ind2=" ">
   <subfield code="a">Faimingen-Phoebiana</subfield>
   <subfield code="v">1</subfield>
  </datafield>
  <datafield tag="490" ind1="1" ind2=" ">
   <subfield code="a">Limesforschungen</subfield>
   <subfield code="v">24</subfield>
  </datafield>
  <datafield tag="583" ind1="1" ind2=" ">
   <subfield code="a">Archivierung/Langzeitarchivierung gewährleistet</subfield>
   <subfield code="f">SSG</subfield>
   <subfield code="x">XA-DE-BW</subfield>
   <subfield code="2">pdager</subfield>
   <subfield code="5">DE-16</subfield>
  </datafield>
  <datafield tag="689" ind1="0" ind2="0">
   <subfield code="d">g</subfield>
   <subfield code="0">(DE-588)4386039-4</subfield>
   <subfield code="0">(DE-627)188382801</subfield>
   <subfield code="0">(DE-576)211895431</subfield>
   <subfield code="a">Tempel Faimingen</subfield>
   <subfield code="2">gnd</subfield>
  </datafield>
  <datafield tag="689" ind1="0" ind2="1">
   <subfield code="d">s</subfield>
   <subfield code="0">(DE-588)4129464-6</subfield>
   <subfield code="0">(DE-627)104660694</subfield>
   <subfield code="0">(DE-576)209610735</subfield>
   <subfield code="a">Ausgrabung</subfield>
   <subfield code="2">gnd</subfield>
  </datafield>
  <datafield tag="689" ind1="0" ind2=" ">
   <subfield code="5">(DE-627)</subfield>
  </datafield>
  <datafield tag="700" ind1="1" ind2=" ">
   <subfield code="a">Eingartner, Johannes</subfield>
   <subfield code="d">1950-2022</subfield>
   <subfield code="0">(DE-588)112965148</subfield>
   <subfield code="0">(DE-627)687040116</subfield>
   <subfield code="0">(DE-576)359312810</subfield>
   <subfield code="4">oth</subfield>
  </datafield>
  <datafield tag="700" ind1="1" ind2=" ">
   <subfield code="a">Engelien-Schmidt, Isa</subfield>
   <subfield code="4">oth</subfield>
  </datafield>
  <datafield tag="700" ind1="1" ind2=" ">
   <subfield code="a">Eschbaumer, Pia</subfield>
   <subfield code="d">1959-</subfield>
   <subfield code="0">(DE-588)122641078</subfield>
   <subfield code="0">(DE-627)082063990</subfield>
   <subfield code="0">(DE-576)293360723</subfield>
   <subfield code="4">oth</subfield>
  </datafield>
  <datafield tag="700" ind1="1" ind2=" ">
   <subfield code="a">Weber, Gerhard</subfield>
   <subfield code="d">1950-</subfield>
   <subfield code="0">(DE-588)110982114X</subfield>
   <subfield code="0">(DE-627)864415893</subfield>
   <subfield code="0">(DE-576)475626133</subfield>
   <subfield code="4">oth</subfield>
  </datafield>
  <datafield tag="787" ind1="0" ind2="8">
   <subfield code="i">Rezension</subfield>
   <subfield code="a">Sölch, Reinhard, 1952 - </subfield>
   <subfield code="t">[Rezension von: Johannes Eingartner, Pia Eschbaumer und Gerhard Weber, Der römische Tempelbezirk in Faimingen-Phoebiana]</subfield>
   <subfield code="d">Darmstadt : Theiss, 1995</subfield>
   <subfield code="w">(DE-627)1586426281</subfield>
   <subfield code="w">(DE-576)516426281</subfield>
  </datafield>
  <datafield tag="787" ind1="0" ind2="8">
   <subfield code="i">Rezensiert in</subfield>
   <subfield code="a">Kovacsovics, Wilfried K., 1953 - 2024</subfield>
   <subfield code="t">[Rezension von: Johannes Eingartner, Pia Eschbaumer und Gerhard Weber, Der römische Tempelbezirk in Faimingen-Phoebiana]</subfield>
   <subfield code="d">Köln : Rheinland-Verlag, 1997</subfield>
   <subfield code="w">(DE-627)1668998017</subfield>
  </datafield>
  <datafield tag="787" ind1="0" ind2="8">
   <subfield code="i">Rezensiert in</subfield>
   <subfield code="a">Hoffmann, Peter</subfield>
   <subfield code="t">[Rezension von: Johannes Eingartner, Pia Eschbaumer, Gerhard Weber, Der römerzeitliche Tempelbezirk in Faimingen-Phoebiana I.]</subfield>
   <subfield code="d">1996</subfield>
   <subfield code="w">(DE-627)1916600913</subfield>
  </datafield>
  <datafield tag="830" ind1=" " ind2="0">
   <subfield code="a">Faimingen-Phoebiana</subfield>
   <subfield code="v">1</subfield>
   <subfield code="9">1</subfield>
   <subfield code="w">(DE-627)1106738748</subfield>
   <subfield code="w">(DE-576)036738743</subfield>
   <subfield code="7">am</subfield>
  </datafield>
  <datafield tag="830" ind1=" " ind2="0">
   <subfield code="a">Limesforschungen</subfield>
   <subfield code="v">24</subfield>
   <subfield code="9">24</subfield>
   <subfield code="w">(DE-627)130109908</subfield>
   <subfield code="w">(DE-576)000648132</subfield>
   <subfield code="w">(DE-600)503664-1</subfield>
   <subfield code="x">0417-3368</subfield>
   <subfield code="7">am</subfield>
  </datafield>
  <datafield tag="936" ind1="r" ind2="v">
   <subfield code="a">NH 7770</subfield>
   <subfield code="b">Allgemeines</subfield>
   <subfield code="k">Geschichte</subfield>
   <subfield code="k">Griechisch-römische Geschichte</subfield>
   <subfield code="k">Römische Geschichte</subfield>
   <subfield code="k">Regionalgeschichte des Römischen Reiches</subfield>
   <subfield code="k">Westeuropa</subfield>
   <subfield code="k">Unter- und Obergermanien (mit römischer Schweiz)</subfield>
   <subfield code="k">Allgemeines</subfield>
   <subfield code="0">(DE-627)1271456702</subfield>
   <subfield code="0">(DE-625)rvk/125790:12245</subfield>
   <subfield code="0">(DE-576)201456702</subfield>
  </datafield>
  <datafield tag="936" ind1="r" ind2="v">
   <subfield code="a">NH 7760</subfield>
   <subfield code="b">Allgemeines</subfield>
   <subfield code="k">Geschichte</subfield>
   <subfield code="k">Griechisch-römische Geschichte</subfield>
   <subfield code="k">Römische Geschichte</subfield>
   <subfield code="k">Regionalgeschichte des Römischen Reiches</subfield>
   <subfield code="k">Westeuropa</subfield>
   <subfield code="k">Römische Provinzen an Rhein und oberer Donau (Germanische Provinzen allgemein)</subfield>
   <subfield code="k">Allgemeines</subfield>
   <subfield code="0">(DE-627)1270899007</subfield>
   <subfield code="0">(DE-625)rvk/125789:12245</subfield>
   <subfield code="0">(DE-576)200899007</subfield>
  </datafield>
  <datafield tag="936" ind1="b" ind2="k">
   <subfield code="a">15.28</subfield>
   <subfield code="j">Römisches Reich</subfield>
   <subfield code="q">coli-conc RVK-&gt;BK</subfield>
   <subfield code="q">https://coli-conc.gbv.de/api/mappings/77b3c911-9246-4695-977a-b939ee41f58d</subfield>
   <subfield code="0">(DE-627)106405128</subfield>
  </datafield>
  <datafield tag="951" ind1=" " ind2=" ">
   <subfield code="a">MV</subfield>
  </datafield>
  <datafield tag="990" ind1=" " ind2=" ">
   <subfield code="a">Tempel Faimingen</subfield>
  </datafield>
  <datafield tag="990" ind1=" " ind2=" ">
   <subfield code="a">Ausgrabung</subfield>
  </datafield>
  <datafield tag="991" ind1=" " ind2=" ">
   <subfield code="a">Rezensiertes Werk</subfield>
  </datafield>
  <datafield tag="999" ind1=" " ind2=" ">
   <subfield code="a">KXP-PPN1105613356</subfield>
   <subfield code="e">484987519X</subfield>
  </datafield>
 </record>
</collection>
